000 00533nam a22001817a 4500
999 _c17707
_d17707
008 190525b xxu||||| |||| 00| 0 eng d
020 _a9966874527
040 _aKABU
_cKABU
050 _aRG951
_b.E93 1994 c. 1
100 _aEverett, J.
245 _aCaring for mothers
_ba manual for rural health workers
_cJ. Everett and R. McMahon
260 _aNairobi, Kenya
_bAMREF
_c1994
300 _aviii, 180 p.
650 _aMaternity nursing
650 _aPediatric nursing
700 _aMcMahon, R.
942 _2lcc
_cBK
_hRG951